Plats avec de l'Agneau - Mort Subite - Statistiques

Statistiques générales
  • Ce quiz a été pris 59 fois
  • Le résultat moyen est 4 sur 16
Answers on the Grid
Answers color-coded by a green-red scale on the quiz's grid according to % correct below.
Tavë kosi
Roast lamb with mint sauce
Quzi
Fårikål
Pinnekjøtt
Carré d'agneau à la provençale
Navarin
Shepherd's pie
Haggis
Devilled kidneys
Fahsa
Méchoui
Naan qalia
Pieds paquets
Lancashire hotpot
Abbacchio alla romana
Finnbiff
Porkkanalaatikko
Tournedos Rossini
Bifteck à la florentine
Nargesi
Deviled crab
Salade parisienne
Mirza ghassemi
Mast-o-khiar
Cottage pie
Salade César
Fattouche
 
Statistiques - réponses
Réponse % Correct
Carré d'agneau à la provençale
77%
Méchoui
64%
Roast lamb with mint sauce
55%
Navarin
45%
Haggis
38%
Shepherd's pie
23%
Lancashire hotpot
17%
Abbacchio alla romana
15%
Pieds paquets
15%
Pinnekjøtt
15%
Fårikål
13%
Fahsa
6%
Naan qalia
6%
Devilled kidneys
4%
Tavë kosi
4%
Quzi
2%
Aucun quiz correspondant
Distribution des résultats
% des personnes avec chaque résultat
Percentile par nombre de réponses
Votre historique - résultats
Vous n’avez pas pris ce quiz